The changing economics of world energy : [discussion papers].

Bibliographic Details
Corporate Authors: Rocky Mountain Petroleum Economics Institute Vail, Colo., Rocky Mountain Oil and Gas Association
Format: Conference Proceeding Book
Language:English
Published: Boulder, Colo. : Westview Press, 1976.
Series:Westview special studies in energy management
Subjects:

MARC

Tag First Indicator Second Indicator Subfields
LEADER 00000pam a2200000 i 4500
001 in00000336285
005 20151011055056.0
008 760303s1976 coua b 10000 eng
010 |a  76007066  
020 |a 0891580298 
035 |a (OCoLC)02091499 
035 |9 ABM2109AM 
040 |a DLC  |c DLC  |d TXA  |d UtOrBLW 
043 |a n-us--- 
049 |a TXAM  |c [1377005] 
050 0 0 |a HD9560.1  |b .R53 1975 
082 0 |a 338.2/7/282 
111 2 |a Rocky Mountain Petroleum Economics Institute  |d (1975 :  |c Vail, Colo.) 
245 1 4 |a The changing economics of world energy :  |b [discussion papers]. 
264 1 |a Boulder, Colo. :  |b Westview Press,  |c 1976. 
300 |a xvii, 165 pages :  |b illustrations ;  |c 24 cm. 
336 |a text  |b txt  |2 rdacontent 
337 |a unmediated  |b n  |2 rdamedia 
338 |a volume  |b nc  |2 rdacarrier 
490 0 |a Westview special studies in energy management 
500 |a "Sponsored by the Rocky Mountain Oil and Gas Association." 
504 |a Includes bibliographical references. 
650 0 |a Petroleum industry and trade  |v Congresses. 
650 0 |a Energy policy  |z United States  |v Congresses. 
650 0 |a Power resources  |z United States  |v Congresses. 
710 2 |a Rocky Mountain Oil and Gas Association. 
999 |a MARS 
999 f f |s 1ecff441-2cbd-3bc8-8799-69a21ae45623  |i 18dcb86d-6cac-3b3c-8201-de1eaf81dac9  |t 0 
952 f f |p ric  |a Texas A&M University  |b Rellis Campus  |c Joint Library Facility  |d Remote Storage  |t 0  |e HD9560.1 .R53 1975  |h Library of Congress classification  |i unmediated -- volume  |m A14802728588 
998 f f |a HD9560.1 .R53 1975  |t 0  |l Remote Storage